Statistics for US States Quiz - 7 minutes

Click here to take the quiz!

General Stats

  • This quiz has been taken 87 times
  • The average score is 44 of 50

Answers on the Map

Answers color-coded by a green-red scale on the quiz's map according to % correct below.
 

Answer Stats

State% Correct
Alaska
97%
Florida
97%
Hawaii
97%
New York
97%
Texas
97%
Washington
97%
Alabama
95%
California
95%
Arkansas
92%
Idaho
92%
Ohio
92%
Arizona
90%
Georgia
90%
Nevada
90%
North Carolina
90%
Utah
90%
Colorado
89%
Delaware
89%
North Dakota
89%
South Carolina
89%
Virginia
89%
Connecticut
87%
Michigan
87%
New Jersey
87%
New Mexico
87%
South Dakota
87%
Wisconsin
87%
Illinois
85%
Kentucky
85%
Louisiana
85%
Montana
85%
Oregon
85%
Rhode Island
85%
West Virginia
85%
Wyoming
85%
Indiana
84%
Kansas
84%
Maine
84%
Minnesota
84%
New Hampshire
84%
Tennessee
84%
Iowa
82%
Mississippi
82%
Nebraska
82%
Oklahoma
82%
Pennsylvania
82%
Vermont
81%
Missouri
79%
Massachusetts
77%
Maryland
76%

Score Distribution

Percentile by Number Answered

Percent of People with Each Score

Your Score History

You have not taken this quiz